BIBLIOTHÈQUE DE LA MAISON DU MEXIQUE

Logo 1 Logo 2

La huelga de Cananea (notice nᵒ 10250)

détails MARC
000 -Sello discográfico
campo de control de longitud fija 01092nam a2200373 4500
005 - Identificación de versión
campo de control 20251016083322.0
035 ## - Otros números de control del sistema
Número de control del sistema 3641
099 ## - fechas locales
Tipo de ítem Koha LIBRO
100 ## - Datos de procesamiento general
Datos de procesamiento general 20031219d1956 m y1spay5003 ba
105 ## - Campo de datos codificados: Material textual, monográfico
Datos codificados de monografía a 001zy
200 1# - Título y mención de responsabilidad
Título propio La huelga de Cananea
Designación general del material texto impreso
Primer mención de responsabilidad Prólogo, ordenación y notas de Manuel González Ramírez
205 ## - Declaración de edición
Declaración de edición 1a ed
210 ## - Publicación, distribución, etc.
Lugar de publicación, distribución, etc. México
Nombre del editor, distribuidor, etc. Fondo de Cultura Económica
Fecha de publicación, distribución, etc. 1956
215 ## - Descripción física
Designación de material específico y extensión del ítem 154 p
Otras características físicas il.
Dimensiones 24 cm
318 ## - Nota de acción
Acción No se presta a domicilio
345 ## - Nota de información de adquisición
Fuente de adquisición/dirección de la suscripción [OBSOLETO] Donación
410 #1 - Series
Título Fuentes para la Historia de la Revolución Mexicana
Número de volumen 3
606 ## - Término temático usado como materia
Elemento de entrada Movimiento obrero
Subdivisión geográfica México
Número Koha 5191
607 ## - Nombre geográfico utilizado como tema
Elemento de entrada Cananea, Huelga de, 1906
Número Koha 16791
660 ## - Código de área geográfica
Código MX
702 ## - Nombre personal - Responsabilidad secundaria
Elemento de entrada González Ramírez
Parte del nombre distinta del elemento de entrada Manuel
Fechas 1904-1979
Número Koha 5676
801 #0 - Fuente de origen
Agencia cm
900 ## -
-- 1/5610
900 ## -
-- 7100317372\191203
942 ## - ELEMENTOS DE ENTRADA SECUNDARIOS (KOHA)
Tipo de ítem Koha Livre
996 ## -
-- MEX
-- 751145101
-- MMAG
-- 009185
-- R972.081 F954H
-- 20231130LIV
Exemplaires
Estatus retirado Estado de daño Estado de pérdida Fecha de adquisición Biblioteca de origen Biblioteca actual Ubicación en estantería Código de barras Precio de reemplazo Signatura topográfica completa No para préstamo Tipo de ítem Koha Nota pública Nota no pública
      05/08/2025 Casa México Paris Casa México Paris   009185 05/08/2025 R972.081 F954H No se presta a domicilio Livre 20231130LIV 751145101